LDR 00926naa#a2200229#i#450# 001 EN\\bibl\103832 005 20260604013753.4 011 ## _a0536-101X 100 ## _a20251226b2025####ek#y0engy0150####ca 101 0# _aRUS 102 ## _aRU 200 1# _aTechnology for creating digital terrain models using terrestrial laser scanning _eJournal article 210 1# _aMoscow _cMIIGAiK _d2025 215 ## _a15 с. 606 ## _aГеодезия и дистанционное зондирование. 21.03.03 _2local 608 ## _aJournal article _2local 675 ## _aМетоды сканирования. 528.8.042 _zRUS 686 ## _aОбщетехнические дисциплины. 301 _2bbk 686 ## _aТопография. Топографические съемки. 6315 _2tbk 686 ## _aТопография. Фототопография. 36.29 _2grnti 700 #1 _aAltyntsev _gMaksim Aleksandrovich 856 4# _amiigaik.editorum.ru _u